| Registos Bibliográficos associados ao registo de autoridade |
|
Etiqueta de registo: 00645cam 02200229 04500 001 8834 003 http://id.bnportugal.gov.pt/bib/catbnp/8834 005 19981111013500.0 095 ## $aPTBN00009068 100 ## $a19860511d1985 k y0pora0103 ba 101 0# $apor 102 ## $aPT 200 1# $aSalários em atraso em tribunal$fUSP, CGTP-IN$gpref. José Morgado 210 #9 $a[Lisboa]$c1 de Outubro,$dimp. 1985 215 ## $a230 p.$d21 cm 675 ## $a331$vmed$zpor$3288026 702 #1 $aMorgado,$bJosé,$f1921-2003$4080$3284671 710 00 $aUnião dos Sindicatos do Porto$3290468 711 02 $aCGTP-IN$4070$34741 801 #0 $aPT$bBN$gRPC 966 ## $lBN$mFGMON$sS.C. 57974 V. 998 ## $aFSE23 - 00407
Etiqueta de registo: 00923cam 2200265 450 001 1028035 003 http://id.bnportugal.gov.pt/bib/catbnp/1028035 005 20020516120600.0 010 ## $a972-610-211-1 021 ## $aPT$b144922/99 100 ## $a20000717d1999 me y0pory0103 ba 101 0# $apor 102 ## $aPT 105 ## $aa z 001zy 106 ## $ar 200 1# $a25 anos de Abril$econcurso literário$fJoão Luciano Vieira... [et al.]$gorg. União dos Sindicatos do Porto, Associação Benéfica de Empregados de Comércio
no Porto 205 ## $a1ª ed 210 #9 $aPorto$cCampo das Letras,$d1999 215 ## $a227, [3] p.$cil.$d21 cm 675 ## $a821.134.3-1"19"$vBN$zpor$3288131 675 ## $a821.134.3-34"19"$vBN$zpor$3294228 675 ## $a7.079$vBN$zpor$31710579 701 #1 $aVieira,$bJoão Luciano$4070$3954637 712 00 $aUnião dos Sindicatos do Porto$4340$3290468 712 02 $aAssociação Benéfica dos Empregados de Comércio do Porto$4340$31368 966 ## $lBN$mFGMON$sL. 65355 V.$x1 966 ## $lBN$mFGMON$sL. 65355 V.$x1
Etiqueta de registo: 00000nkm 2200025 450 001 2258886 003 http://id.bnportugal.gov.pt/bib/catbnp/2258886 100 ## $a20260202f1980 m y0pory01030103ba 101 0# $apor 102 ## $aPT 200 1# $aGrande Manifestação pelo pão por Abril!, Porto, 19 de abril$bVisual gráfico]$fSindicatos e USP, CGTP-IN 210 #9 $aLisboa$cSindicatos e USP$d[1980?] 215 ## $a1 cartaz$ccolor.$d70,5x50,2 cm 306 ## $aDatação atribuída em conformidade com o evento anunciado 317 ## $aColeção Madeira Luís 675 ## $a766(=1:469)"198"(084.5)$vBN$zpor$31302430 710 00 $aUnião dos Sindicatos do Porto$3290468 711 02 $aCGTP-IN$34741 801 #0 $aPT$bBN$gRPC 966 ## $lBN$mICONOG$sCT. 19204 A.$x3 971 ## $cCaticonografia3$d20260202 995 ## $aPRR2026 $d20260202$iCaticonografia3
Etiqueta de registo: 00000nkm 2200025 450 001 2258877 003 http://id.bnportugal.gov.pt/bib/catbnp/2258877 100 ## $a20260202f1980 m y0pory01030103ba 101 0# $apor 102 ## $aPT 200 1# $aGrande Manifestação, Praça Humberto Delgado, Porto, 21 junho$bVisual gráfico]$fUSP 210 #9 $a[Porto]$cUnião dos Sindicatos do Porto$d[1980] 215 ## $a1 cartaz$ccolor.$d70,3x50,2 cm 303 ## $aMenciona as palavras de ordem: "Trabalhadores unidos venceremos, Sá Carneiro para
a rua!" 306 ## $aDatação atribuída em conformidade com o acontecimento anunciado 317 ## $aColeção Madeira Luís 675 ## $a766(=1:469)"198"(084.5)$vBN$zpor$31302430 710 00 $aUnião dos Sindicatos do Porto$3290468 801 #0 $aPT$bBN$gRPC 966 ## $lBN$mICONOG$sCT. 19203 A.$x3 971 ## $cCaticonografia3$d20260202 972 ## $d20260324 $e1$vfpinelo$z0 995 ## $aPRR2026 $d20260202$iCaticonografia3
Etiqueta de registo: 00000nkm 2200025 450 001 2261733 003 http://id.bnportugal.gov.pt/bib/catbnp/2261733 100 ## $a20260205f19751984m y0pory01030103ba 101 0# $apor 102 ## $aPT 200 1# $aSolidariedade e luta, pelo pagamento dos salários, contra o desemprego, por uma vida
melhor$bVisual gráfico]$fUnião dos Sindicatos do Porto 210 #9 $aPorto$cUnião dos Sindicatos do Porto,$d[entre 1975 e 1984] 215 ## $a1 cartaz$cp&b.$d42,5x31,9 cm 306 ## $aDatação em conformidade com as características formais do documento 317 ## $aColeção Madeira Luís 675 ## $a766(=1:469)"197/198"(084.5)$vBN$zpor$31619299 710 00 $aUnião dos Sindicatos do Porto$3290468 801 #0 $aPT$bBN$gRPC 966 ## $lBN$mICONOG$sCT. 13546 V.$x3 971 ## $cCaticonografia10$d20260205 995 ## $aPRR2026 $d20260205$iCaticonografia10
Etiqueta de registo: 00000nkm 2200025 450 001 2268204 003 http://id.bnportugal.gov.pt/bib/catbnp/2268204 100 ## $a20260218d1977 m y0pory01030103ba 101 0# $apor 102 ## $aPT 200 1# $aEncontro nacional das comissões de trabalhadores e delegados sindicais das empresas
intervencionadas, Instituto Superior Técnico, Lisboa, 19 fevereiro 1977$bVisual gráfico]$fSecretariado das CTs das Empresas Intervenção do Estado 210 #9 $a[Lisboa]$cSecretariado das CTs das Empresas Intervenção do Estado,$d1977 215 ## $a1 cartaz$ccolor.$d42,7x30,2 cm 317 ## $aColeção Madeira Luís$5PTBN: CT. 14261 V. 710 02 $aSecretariado das Comissões de Trabalhadores de Empresas com Intervenção do Estado$31093687 711 02 $aUnião dos Sindicatos de Lisboa$3208202 711 00 $aUnião dos Sindicatos do Porto$3290468 801 #0 $aPT$bBN$gRPC 966 ## $lBN$mICONOG$sCT. 14260 V.$x3 966 ## $lBN$mICONOG$sCT. 14261 V.$x3 971 ## $cCaticonografia7$d20260218 995 ## $aPRR2026 $d20260218$iCaticonografia7
Etiqueta de registo: 00000nkm 2200025 450 001 2281019 003 http://id.bnportugal.gov.pt/bib/catbnp/2281019 100 ## $a20260317d1985 m y0pory01030103ba 101 0# $apor 102 ## $aPT 200 1# $a1 Concurso de Fotografia, 2 set/85$bVisual gráfico]$fUSP 210 #9 $aPorto$cUnião dos Sindicatos do Porto,$d1985 215 ## $a1 cartaz$ccolor.$d41,4x31,5 cm 317 ## $aColeção Madeira Luís 710 02 $aConcurso de Fotografia,$cUSP,$d1,$ePorto,$f1985$31991861 712 00 $aUnião dos Sindicatos do Porto$4557$3290468 801 #0 $aPT$bBN$gRPC 966 ## $lBN$mICONOG$sCT. 16366 V.$x3 971 ## $cCatmusica8$d20260317 995 ## $aPRR2026
Etiqueta de registo: 00000nkm 2200025 450 001 2282238 003 http://id.bnportugal.gov.pt/bib/catbnp/2282238 100 ## $a20260320d1984 m y0pory01030103ba 101 0# $apor 102 ## $aPT 200 1# $aJornada Nacional de Luta, 1 de março-84$bVisual gráfico]$fUSP-CGTP-IN 210 #9 $aPorto$cUnião dos Sindicatos do Porto,$d1984 215 ## $a1 cartaz$ccolor.$d69,5x48,6 cm 317 ## $aColeção Madeira Luís 710 00 $aUnião dos Sindicatos do Porto$3290468 801 #0 $aPT$bBN$gRPC 966 ## $lBN$mICONOG$sCT. 25239 A.$x3 971 ## $cCaticonografia6$d20260320 995 ## $aPRR2026
Etiqueta de registo: 00000nkm 2200025 450 001 2282222 003 http://id.bnportugal.gov.pt/bib/catbnp/2282222 100 ## $a20260320d19741976m y0pory01030103ba 101 0# $apor 102 ## $aPT 200 1# $aManifestação, Basta, Não ao aumento do custo de vida, Não à violência na reforma agrária,
Não à politica de direita, Porto, 1 dezembro$bVisual gráfico]$fUnião dos Sindicatos do Porto, União dos Sindicatos de Viana do Castelo, União dos
Sindicatos de Braga, União dos Sindicatos de Vila Real 210 #9 $aPorto$cUnião dos Sindicatos do Porto,$d[entre 1974 e 1976] 215 ## $a1 cartaz$ccolor.$d65,7x41,7 cm 306 ## $aDatação atribuída em conformidade com o acontecimento anunciado 317 ## $aColeção Madeira Luís 710 00 $aUnião dos Sindicatos do Porto$3290468 711 02 $aUnião dos Sindicatos de Viana do Castelo$319741 711 02 $aUnião dos Sindicatos de Braga$31992814 711 02 $aUnião dos Sindicatos de Vila Real$31992815 801 #0 $aPT$bBN$gRPC 966 ## $lBN$mICONOG$sCT. 25383 A.$x3 971 ## $cCaticonografia5$d20260320 995 ## $aPRR2026
|
|
|